Mannerisms - Statistics

General Stats
  • This quiz has been taken 8 times
  • The average score is 5 of 15
Answer Stats
Picture Answer % Correct
El Greco
100%
Angelo Bronzino
71%
Tintoretto
71%
Parmigianino
43%
Alessandro Allori
29%
Cornelis van Haarlem
29%
Giorgio Vasari
29%
Rosso Fiorentino
29%
Abraham Bloemaert
14%
Adriaen de Vries
14%
Bartholomeus Spranger
14%
Francesco Primaticcio
14%
Giambologna
14%
Hendrick Goltzius
14%
Jacques Bellange
14%
No matching quizzes found
Score Distribution
Percent of People with Each Score
Percentile by Number Answered
Your Score History
You have not taken this quiz